| 000 | 01219 a2200385 4500 | ||
|---|---|---|---|
| 999 |
_c200002846 _d26313 |
||
| 001 | 200002846 | ||
| 003 | TR-AnTOB | ||
| 005 | 20201026145022.0 | ||
| 008 | 110107s2009 tu 000 0 d | ||
| 020 | _a9786053770428 | ||
| 040 |
_aTR-AnTOB _cTR-AnTOB |
||
| 041 | _atur | ||
| 050 | 1 | 4 |
_aJA85.2.T9 _bB55 2009 |
| 090 | _aJA85.2.T9 B55 2009 | ||
| 245 | 0 | 0 |
_aBilinç endüstrisinin iktidar ve siyaset pratikleri : medya eleştirileri 2009 / _ceditörler: Zeynep Karahan Uslu, Can Bilgili. |
| 246 | 0 | 3 | _aMedya eleştirileri 2009. |
| 264 | 1 |
_aİstanbul : _bReklam Yaratıcıları Derneği, _c2009. |
|
| 300 |
_a325 s. _c20 cm. |
||
| 336 |
_2rdacontent _atext _btxt |
||
| 337 |
_2rdamedia _aunmediated _bn |
||
| 338 |
_2rdacarrier _avolume _bnc |
||
| 490 | 0 |
_aBeta ; _v2124 _aİletişim dizisi ; _v51 |
|
| 504 | _aKaynakça: 320-322 s. | ||
| 650 | 0 |
_aİletişim, Politikada _918383 |
|
| 650 | 0 |
_aCommunication in politics _937024 |
|
| 653 | 0 | _aSeçim. | |
| 653 | 0 | _aPolitik pazarlama. | |
| 653 | 0 | _aSeçim kampanyaları. | |
| 653 | 0 | _aSeçmen davranışı. | |
| 653 | 0 | _aSiyasal iletişim. | |
| 700 | 1 |
_aKarahan Uslu, Zeynep _972623 |
|
| 700 | 1 |
_aBilgili, Can _973076 |
|
| 942 |
_cBK _2lcc |
||